00513nam a22001937a 450000500170000001000110001702000100002803500110003803700160004904000120006508200110007710000180008824500420010626000370014827000270018530000210021265000510023365000350028420170124110123.0 a733218 c00.00 a733218 bCen Lib/Ret aDPLbEN aNbSIG aSigal, Clancy aWeekend in dinlock /cby Clancy Sigal aLondonbSecker and Warburgc1960 bLondona7, John Street a197p. c21cm(Hb) aCoal miners -- England -- Yorkshire -- Fiction aYorkshire (England) -- Fiction